=LDR 00000nam 2200000 4500 =001 INLIS000000000011082 =005 20130612102701 =008 ***********************************Ind** =035 ##$$0010-061300000011082 =041 ##$$a Ind =082 ##$$a 368 =090 ##$$a 368, Ali b =100 ##$$a Ali, A. Habymi =245 ##$$a Bidang Usaha Asuransi, Drs A.H.asyami Ali =260 ##$$a 1993 $b Jakarta =300 ##$$a IX-242 hlm =850 ##$$a NBPNMAT